01080nam a22002417a 450000100040000000500170000402000250002104000230004605000240006908200160009310000180010924501050012726000350023230000510026749000260031850500080034452003460035252100200069852100200071865000530073865000150079170000320080672620240411103222.0 a0590446886 :c$14.95 aDLCcDLCdDLCbeng00aQE862.D5bC694 199400a567.9/12201 aCole, Joanna.14aThe magic school bus :bin the time of the dinosaurs /cby Joanna Cole ; illustrated by Bruce Degen. aNew York :bScholastic,c1994. a48 pages :bcolor illustrations ;c22 x 26 cm. aThe magic school bus  aN  aThe classroom is decorated as Dinosaur Land, but Ms. Frizzle - inspired by an archeological dig - craves a more authentic experience. The Magic School bus turns into a time machine and transports the class back millions of years to an adventure where they learn about dinosaurs, their habitats and diets, and even a Maiasaura nesting ground. a580 bLexile  aN bRaz-Plus  0aDinosaursxPictorial worksxJuvenile literature. 1aDinosaurs.1 aDegen, Bruce,eillustrator.